El Ordenamiento territorial y la descentralización geográfica pueden articularse /

Sparad:
Bibliografiska uppgifter
Huvudupphovsman: Godichet, Oliver T.
Materialtyp: Text
Ämnen:
Taggar: Lägg till en tagg
Inga taggar, Lägg till första taggen!

MARC

LEADER 00000 a a2200000 04500
001 16165
003
040
100 |a Godichet, Oliver T.  
245 |a El Ordenamiento territorial y la descentralización geográfica pueden articularse /  |c Oliver T. Godichet 
650 |a DISTRIBUCION DE LA POBLACION  
650 |a POLITICA ADMINISTRATIVA  
650 |a DISTRIBUCION GEOGRAFICA  
773 |g número 52; páginas 133-154  
999 |c 33653  |d 33653